Statistics for Countries Ending in "IA" by Clue

Click here to take the quiz!

General Stats

  • This quiz has been taken 12,908 times
  • The average score is 13 of 17

Answer Stats

Hint Answer % Correct
A land-locked country of South AmericaBolivia
94%
Split apart from the Czech Republic in 1993Slovakia
91%
The easternmost country on the African mainlandSomalia
90%
Borders VenezuelaColombia
89%
Borders North KoreaRussia
86%
The largest and most populous of the former Yugoslavian countriesSerbia
82%
The largest country by area in AfricaAlgeria
80%
Its name starts with "Saint"Saint Lucia
79%
The northernmost of the "Baltic Republics"Estonia
79%
Suffered under the Khmer Rouge regime in the 1970sCambodia
74%
Has more active volcanos than any other countryIndonesia
74%
Has been in a state of civil war since 2011Syria
71%
Controls most of the northern shore of BorneoMalaysia
69%
Across the Adriatic from Italy's "heel"Albania
65%
30% of the population is nomadic or semi-nomadicMongolia
61%
The "Arab Spring" started here in December, 2010Tunisia
60%
Its rapidly-growing population passed 100 million in 2016Ethiopia
39%

Score Distribution

Percentile by Number Answered

Percent of People with Each Score

Your Score History

You have not taken this quiz